[Event "European Hybrid Swiss TB"]
[Site "Tornelo INT"]
[Date "2021.05.30"]
[Round "4.11"]
[White "Alekseev, Evgeny"]
[Black "Oparin, Grigoriy"]
[Result "1/2-1/2"]
[WhiteTitle "GM"]
[BlackTitle "GM"]
[WhiteElo "2617"]
[BlackElo "2652"]
[WhiteFideId "4138147"]
[BlackFideId "24125890"]
[EventDate "2021.05.30"]

1. c4 e6 2. Nf3 d5 3. e3 Nf6 4. Nc3 Bd6 5. b3 O-O 6. Bb2 Re8 7. Be2 dxc4 8. bxc4
e5 9. d3 b6 10. O-O Bb7 11. Nb5 Nbd7 12. Nxd6 cxd6 13. a4 Nc5 14. d4 Ncd7 15. a5
Qc7 16. Qb3 Rab8 17. axb6 Bxf3 18. Bxf3 Nxb6 19. c5 dxc5 20. dxe5 Nbd7 21. Qa3
Nxe5 22. Bxe5 1/2-1/2

[Event "European Hybrid Swiss TB"]
[Site "Tornelo INT"]
[Date "2021.05.30"]
[Round "4.12"]
[White "Zvjaginsev, Vadim"]
[Black "Motylev, Alexander"]
[Result "1/2-1/2"]
[WhiteTitle "GM"]
[BlackTitle "GM"]
[WhiteElo "2614"]
[BlackElo "2641"]
[WhiteFideId "4113403"]
[BlackFideId "4121830"]
[EventDate "2021.05.30"]

1. e4 e5 2. Nf3 Nc6 3. Bb5 Nf6 4. O-O Nxe4 5. Re1 Nd6 6. Nxe5 Be7 7. Bf1 Nxe5 8.
Rxe5 O-O 9. d4 Bf6 10. Re1 Re8 11. c3 Rxe1 12. Qxe1 Ne8 13. Nd2 d5 14. Nf3 Bf5
15. Bf4 1/2-1/2

[Event "European Hybrid Swiss TB"]
[Site "Tornelo INT"]
[Date "2021.05.30"]
[Round "4.13"]
[White "Savchenko, Boris"]
[Black "Sjugirov, Sanan"]
[Result "0-1"]
[WhiteTitle "GM"]
[BlackTitle "GM"]
[WhiteElo "2538"]
[BlackElo "2663"]
[WhiteFideId "4147332"]
[BlackFideId "4189302"]
[EventDate "2021.05.30"]

1. e4 c5 2. Nf3 Nc6 3. d4 cxd4 4. Nxd4 e5 5. Nb5 d6 6. c4 a6 7. N5c3 Be6 8. b3
Nf6 9. Bd3 Be7 10. O-O O-O 11. h3 Rc8 12. Nd5 Bxd5 13. exd5 Nd4 14. Nc3 Nd7 15.
Be3 g6 16. g3 Nc5 17. Bxd4 exd4 18. Ne4 Nxe4 19. Bxe4 Bf6 20. Bd3 Re8 21. Qd2
Bg5 22. Qb2 Qb6 23. b4 a5 24. a3 Ra8 25. Kg2 Kg7 26. h4 Bf6 27. Qd2 h5 28. Rfb1
Qc7 29. Qf4 b6 30. Re1 Rxe1 31. Rxe1 axb4 32. axb4 Ra3 33. Qe4 Qd7 34. Rd1 Qa4
35. Rb1 Qd7 36. Rb2 Ra1 37. f3 Qa4 38. Rf2 Qd1 39. Rf1 Ra2+ 40. Rf2 Ra3 41. Bc2
Qc1 42. Bd3 Qc3 43. Bc2 Qxc4 44. f4 Re3 0-1

[Event "European Hybrid Swiss TB"]
[Site "Tornelo INT"]
[Date "2021.05.30"]
[Round "4.14"]
[White "Krasenkow, Michal"]
[Black "Svane, Rasmus"]
[Result "0-1"]
[WhiteTitle "GM"]
[BlackTitle "GM"]
[WhiteElo "2597"]
[BlackElo "2615"]
[WhiteFideId "1113100"]
[BlackFideId "4657101"]
[EventDate "2021.05.30"]

1. d4 Nf6 2. c4 e6 3. Nf3 d5 4. Nc3 a6 5. cxd5 exd5 6. Bg5 Be6 7. Bxf6 Qxf6 8.
Qb3 Ra7 9. g3 Bd6 10. Bg2 O-O 11. O-O Nd7 12. Rfe1 c6 13. e3 Re8 14. Rac1 h6 15.
a3 Qe7 16. Qc2 Raa8 17. e4 dxe4 18. Nxe4 Rad8 19. b4 Qf8 20. Nc5 Nxc5 21. bxc5
Bc7 22. Qb2 Bc8 23. Ne5 Re7 24. Bf1 Be6 25. Re3 Bxe5 26. Rxe5 Red7 27. Rd1 g6
28. Qc3 Qg7 29. Qe3 Qf6 30. h4 h5 31. Be2 Rd5 32. f4 Bf5 33. Bf3 Rxe5 34. fxe5
Qe7 35. Qf4 Qe6 36. Qg5 Rd7 37. Qe3 Qc4 38. Be2 Qc2 39. Rd2 Qc1+ 40. Kf2 Qh1 41.
Bf3 Qh2+ 42. Bg2 Be6 43. Rd1 Bd5 44. Rg1 Bxg2 45. Rxg2 Qh3 46. Kg1 Qg4 47. Rd2
Qe6 48. Kh2 a5 49. Rf2 Qc4 50. Rf4 Qa2+ 51. Kh3 Qd5 52. Qe1 a4 53. Qf2 Qe6+ 54.
Kh2 Qc4 0-1

[Event "European Hybrid Swiss TB"]
[Site "Tornelo INT"]
[Date "2021.05.30"]
[Round "4.15"]
[White "Gabuzyan, Hovhannes"]
[Black "Ivanisevic, Ivan"]
[Result "0-1"]
[WhiteTitle "GM"]
[BlackTitle "GM"]
[WhiteElo "2590"]
[BlackElo "2606"]
[WhiteFideId "13303732"]
[BlackFideId "912417"]
[EventDate "2021.05.30"]

1. Nf3 c5 2. g3 g6 3. Bg2 Bg7 4. O-O Nc6 5. c4 d6 6. Nc3 h5 7. e3 Nh6 8. d4 Bg4
9. d5 Ne5 10. Qa4+ Bd7 11. Qb3 Nxf3+ 12. Bxf3 h4 13. e4 hxg3 14. hxg3 Ng4 15.
Qxb7 Nh2 16. Bg2 Nxf1 17. Kxf1 Rb8 18. Qxa7 Rb4 19. a3 Rxc4 20. Qa6 Rd4 21. Be3
Qb8 22. Kg1 O-O 23. Rb1 Qb3 24. Bf1 Bg4 25. Bxd4 cxd4 26. Qa4 Qb7 27. Nb5 Ra8
28. Qb3 Qb6 29. Rc1 Bd7 30. Rc7 Bxb5 31. Rc6 Qa5 32. Bxb5 Qe1+ 33. Bf1 Qxe4 34.
Bd3 Qe1+ 35. Kg2 Bf6 36. Qc2 Kg7 37. Rc8 Ra5 38. Qb3 Qe5 39. Bc4 d3 40. Bxd3
Rxd5 41. Bc4 Rd2 42. Qf3 d5 43. Bb3 Qd4 44. Rc2 Rd3 45. Qxd5 Qxd5+ 46. Bxd5 Rxd5
47. b4 Rd3 48. a4 Rb3 49. Rc4 Bc3 50. b5 e5 51. g4 f5 52. g5 Bd4 53. f4 Rb2+ 54.
Kf1 Kf7 55. Rc7+ Ke6 56. Rc6+ Kd5 57. fxe5 Kxe5 58. Rxg6 f4 59. Rf6 Ke4 60. Rf8
f3 61. Re8+ Kd3 62. g6 Rg2 0-1

[Event "European Hybrid Swiss TB"]
[Site "Tornelo INT"]
[Date "2021.05.30"]
[Round "4.16"]
[White "Kozak, Adam"]
[Black "Anton Guijarro, David"]
[Result "1-0"]
[WhiteTitle "GM"]
[BlackTitle "GM"]
[WhiteElo "2518"]
[BlackElo "2673"]
[WhiteFideId "753246"]
[BlackFideId "2285525"]
[EventDate "2021.05.30"]

1. d4 f5 2. Nf3 Nf6 3. c4 g6 4. g3 Bg7 5. Bg2 O-O 6. O-O d6 7. Nc3 c6 8. d5 e5
9. dxe6 Bxe6 10. b3 Qe7 11. Ng5 Na6 12. Nxe6 Qxe6 13. Bb2 Ne4 14. Nxe4 Bxb2 15.
Ng5 Qe7 16. Rb1 Bf6 17. Nf3 Nc5 18. e3 a5 19. Qc2 Ne4 20. Rbd1 Rfd8 21. Nd2 Nc3
22. Rde1 d5 23. Nb1 Ne4 24. cxd5 Rxd5 25. Rd1 Rad8 26. Bxe4 Qxe4 27. Qxe4 fxe4
28. Rxd5 Rxd5 29. Rc1 Bb2 30. Re1 Kf7 31. Kg2 Bg7 32. Re2 Rc5 33. f3 exf3+ 34.
Kxf3 Ke6 35. Nd2 h5 36. Ne4 Rf5+ 37. Kg2 Re5 38. Nd2 Rc5 39. Ne4 Rc1 40. Rd2 Bf8
41. Ng5+ Kf5 42. h4 Bc5 43. e4+ Ke5 44. Re2 Rg1+ 45. Kh2 Rf1 46. Kg2 Rg1+ 47.
Kh2 Rf1 48. Nh3 b5 49. Kg2 Rf6 50. Nf4 Bd4 51. Nd3+ Ke6 52. e5 Rf8 53. Nf4+ Kd7
54. e6+ Kd6 55. Nxg6 Re8 56. Nf4 c5 57. Kf3 Be5 58. Rd2+ Ke7 59. Rd5 Bxf4 60.
gxf4 Kxe6 61. Rxc5 Rd8 62. Rxb5 a4 63. bxa4 Rd4 64. a5 Ra4 65. Rxh5 Rxa2 66.
Re5+ Kf6 67. h5 Ra3+ 68. Kg4 Ra1 69. Rb5 Rg1+ 70. Kf3 Ra1 71. Ke4 Ra4+ 72. Ke3
Ra3+ 73. Kd2 Ke7 74. h6 Rh3 75. a6 Rxh6 76. Ra5 Rh8 77. a7 Ra8 78. Ra6 1-0

[Event "European Hybrid Swiss TB"]
[Site "Tornelo INT"]
[Date "2021.05.30"]
[Round "4.17"]
[White "Martinovic, Sasa"]
[Black "Can, Emre"]
[Result "0-1"]
[WhiteTitle "GM"]
[BlackTitle "GM"]
[WhiteElo "2548"]
[BlackElo "2569"]
[WhiteFideId "14509792"]
[BlackFideId "6302181"]
[EventDate "2021.05.30"]

1. d4 g6 2. c4 Bg7 3. e4 c5 4. d5 d6 5. Nc3 e6 6. Nf3 a6 7. a4 exd5 8. exd5 Ne7
9. Bd3 O-O 10. O-O h6 11. h3 g5 12. Re1 Nd7 13. Ne4 Nf6 14. Ng3 Bd7 15. Bd2 Ng6
16. Nf5 Bxf5 17. Bxf5 Re8 18. Bxg6 fxg6 19. Qc2 Kf7 20. Bxg5 hxg5 21. Nxg5+ Kg8
22. Qxg6 Qd7 23. Re6 Rxe6 24. dxe6 Qe8 25. Qf5 Qe7 26. Ra3 d5 27. cxd5 Rd8 28.
Rd3 c4 29. Rd1 b5 30. Nf7 Re8 31. axb5 axb5 32. Rd4 Nxd5 33. Rxd5 Qxe6 34. Qxe6
Rxe6 35. Ng5 Re1+ 36. Kh2 Bxb2 37. Rxb5 c3 38. Rc5 Re2 39. Rc8+ Kg7 40. Rc7+ Kg6
41. h4 c2 42. Rc6+ Kf5 43. Rc5+ Kg6 44. Rc6+ Kg7 45. Rc7+ Kf6 46. Rc6+ Ke7 0-1

[Event "European Hybrid Swiss TB"]
[Site "Tornelo INT"]
[Date "2021.05.30"]
[Round "4.18"]
[White "Paichadze, Luka"]
[Black "Afanasiev, Nikita"]
[Result "0-1"]
[WhiteTitle "GM"]
[BlackTitle "GM"]
[WhiteElo "2565"]
[BlackElo "2522"]
[WhiteFideId "13602934"]
[BlackFideId "24183555"]
[EventDate "2021.05.30"]

1. e4 g6 2. d4 Bg7 3. Nc3 d6 4. Be2 Nd7 5. Be3 a6 6. Nf3 e6 7. O-O Ne7 8. Qd2 h6
9. a4 b6 10. h3 Bb7 11. Nh2 Nf6 12. Bf3 d5 13. exd5 Nfxd5 14. Nxd5 Bxd5 15. Bf4
c5 16. dxc5 bxc5 17. c3 g5 18. Be3 Qc7 19. Qe2 O-O 20. Rfd1 Rfd8 21. Rd2 Be5 22.
Nf1 Ng6 23. Rad1 Bxf3 24. Qxf3 c4 25. Qe4 Rdc8 26. Rd7 Qa5 27. Qf3 Rf8 28. Rb7
Bg7 29. Rxf7 Qxa4 30. Rxg7+ Kxg7 31. Qe2 Qc6 32. Ng3 Rad8 33. Rxd8 Rxd8 34. Bd4+
Kg8 35. Nh5 Kf7 36. Qe3 Qd5 37. Bb6 Qd1+ 38. Kh2 Rd3 39. Qc5 Rd7 40. Qc8 Qd6+
41. g3 Nf8 42. Be3 Rd8 43. Qxc4 Qd5 44. Qxa6 Ng6 45. Qa7+ Rd7 46. Qb8 Ne5 47. g4
Nf3+ 48. Kg3 Nh4 0-1

[Event "European Hybrid Swiss TB"]
[Site "Tornelo INT"]
[Date "2021.05.30"]
[Round "5.1"]
[White "Esipenko, Andrey"]
[Black "Artemiev, Vladislav"]
[Result "1/2-1/2"]
[WhiteTitle "GM"]
[BlackTitle "GM"]
[WhiteElo "2701"]
[BlackElo "2709"]
[WhiteFideId "24175439"]
[BlackFideId "24101605"]
[EventDate "2021.05.30"]

1. e4 e5 2. Nf3 Nc6 3. Bb5 a6 4. Ba4 d6 5. c3 Bd7 6. d4 g6 7. Bg5 f6 8. Be3 Bg7
9. O-O Nh6 10. h3 Nf7 11. Re1 O-O 12. Nbd2 Kh8 13. Nf1 f5 14. exf5 gxf5 15. dxe5
Nfxe5 16. Nxe5 Nxe5 17. Bxd7 Qxd7 18. Bd4 Nc6 19. Nh2 Bxd4 20. cxd4 Qg7 21. Nf3
Rae8 22. Qd3 f4 23. Rxe8 Rxe8 24. Kh1 d5 25. Rd1 Rg8 26. Rg1 Qf6 27. Qb3 Nxd4
28. Qxd5 Nxf3 29. Qxf3 Qxb2 30. Qxf4 Qg7 31. Qe4 c5 32. Rc1 b6 33. a4 Rf8 34.
Rc2 Qa1+ 35. Kh2 Qf6 36. a5 Qd6+ 37. g3 b5 38. Qe3 c4 39. Re2 b4 40. Qa7 b3 41.
Qb7 Rb8 42. Qf3 Qf8 43. Qc3+ Qg7 44. Qxc4 b2 45. Qc6 h6 46. Re8+ Rxe8 47. Qxe8+
Qg8 48. Qe5+ Qg7 49. Qe8+ Qg8 50. Qe5+ Qg7 51. Qe8+ 1/2-1/2

[Event "European Hybrid Swiss TB"]
[Site "Tornelo INT"]
[Date "2021.05.30"]
[Round "5.2"]
[White "Sargsyan, Shant"]
[Black "Indjic, Aleksandar"]
[Result "0-1"]
[WhiteTitle "GM"]
[BlackTitle "GM"]
[WhiteElo "2618"]
[BlackElo "2607"]
[WhiteFideId "13306766"]
[BlackFideId "911925"]
[EventDate "2021.05.30"]

1. d4 Nf6 2. Nf3 e6 3. c4 c5 4. Nc3 cxd4 5. Nxd4 Nc6 6. Bg5 Qa5 7. Bxf6 gxf6 8.
Nb3 Qe5 9. e3 f5 10. Be2 b6 11. O-O Bb7 12. Bf3 a6 13. Rc1 Rg8 14. g3 h5 15.
Bxh5 Rh8 16. Bf3 Rh6 17. Nd4 Rd8 18. Nxc6 dxc6 19. Qb3 Bc5 20. Na4 Ke7 21. Nxb6
f4 22. exf4 Qf5 23. Bg2 Rdh8 24. Na4 Rxh2 25. Qxb7+ Kf6 26. Qc7 Rxg2+ 27. Kxg2
Qe4+ 28. f3 Qe2+ 0-1

[Event "European Hybrid Swiss TB"]
[Site "Tornelo INT"]
[Date "2021.05.30"]
[Round "5.3"]
[White "Ponkratov, Pavel"]
[Black "Predke, Alexandr"]
[Result "1/2-1/2"]
[WhiteTitle "GM"]
[BlackTitle "GM"]
[WhiteElo "2624"]
[BlackElo "2690"]
[WhiteFideId "4157800"]
[BlackFideId "24107581"]
[EventDate "2021.05.30"]

1. e4 e5 2. Nc3 Nf6 3. d4 exd4 4. Qxd4 Nc6 5. Qd3 Bb4 6. Bd2 O-O 7. O-O-O d6 8.
f3 Be6 9. g4 Nd7 10. f4 Bxg4 11. Be2 Qh4 12. Bxg4 Qxg4 13. Nge2 Nc5 14. Qe3 Rae8
15. Rhg1 Qh4 16. Ng3 f5 17. a3 Bxc3 18. Qxc3 Qf6 19. e5 Qh6 20. exd6 cxd6 21.
Qf3 Ne4 22. Nxe4 fxe4 23. Qb3+ Rf7 24. Bc3 Qe6 25. Qb5 Qa2 26. Qh5 Ree7 27. f5
e3 28. b3 Qxa3+ 29. Bb2 Qc5 30. Rg2 Rxf5 31. Rxg7+ Rxg7 32. Qe8+ Rf8 33. Qe6+
Rff7 34. Qe8+ Rf8 35. Qe6+ Kh8 36. Bxg7+ Kxg7 37. Rg1+ Kh8 38. Rg8+ Rxg8 39.
Qf6+ Rg7 40. Qf8+ Rg8 41. Qf6+ Rg7 42. Qf8+ Rg8 43. Qf6+ 1/2-1/2

[Event "European Hybrid Swiss TB"]
[Site "Tornelo INT"]
[Date "2021.05.30"]
[Round "5.4"]
[White "Matlakov, Maxim"]
[Black "Nguyen, Thai Dai Van"]
[Result "1-0"]
[WhiteTitle "GM"]
[BlackTitle "GM"]
[WhiteElo "2688"]
[BlackElo "2577"]
[WhiteFideId "4168003"]
[BlackFideId "358878"]
[EventDate "2021.05.30"]

1. e4 e5 2. Nf3 Nf6 3. d4 Nxe4 4. Bd3 d5 5. Nxe5 Nd7 6. Nxd7 Bxd7 7. O-O Bd6 8.
Nc3 Nxc3 9. bxc3 O-O 10. Qh5 f5 11. Re1 g6 12. Qh6 Qf6 13. Bg5 Qf7 14. Bf4 Rae8
15. Bxd6 cxd6 16. Qf4 Qf6 17. c4 g5 18. Qd2 h6 19. Qb4 Bc6 20. cxd5 Bxd5 21. c4
Be4 22. Bxe4 Rxe4 23. Rxe4 fxe4 24. Qd2 Qf4 25. Qe2 b6 26. Re1 Kg7 27. g3 Qf3
28. Qb2 Rf6 29. Re3 Qf5 30. d5 Kg6 31. Qe2 b5 32. cxb5 Qxd5 33. Rxe4 Qf5 34. a4
h5 35. a5 Qc5 36. Re8 g4 37. a6 d5 38. Re5 Qc1+ 39. Kg2 Qc5 40. Qd3+ Kg7 41. Qe2
Kg6 42. h4 Qc4 43. Rg5+ Kh6 44. Qxc4 dxc4 45. Rc5 Kg7 46. Rxc4 Rf5 47. Rc7+ Kg6
48. Rb7 Kh6 49. Kf1 Re5 50. Kg2 Rf5 51. b6 axb6 52. Rxb6+ Kg7 53. a7 Ra5 54. Rb5 1-0

[Event "European Hybrid Swiss TB"]
[Site "Tornelo INT"]
[Date "2021.05.30"]
[Round "5.5"]
[White "Laznicka, Viktor"]
[Black "Fedoseev, Vladimir3"]
[Result "0-1"]
[WhiteTitle "GM"]
[BlackTitle "GM"]
[WhiteElo "2647"]
[BlackElo "2687"]
[WhiteFideId "316385"]
[BlackFideId "24130737"]
[EventDate "2021.05.30"]

1. d4 Nf6 2. Nf3 g6 3. Bg5 Bg7 4. e3 O-O 5. Be2 c5 6. O-O Qb6 7. Qc1 Nc6 8. Rd1
Ne4 9. c3 Nxg5 10. Nxg5 d5 11. Nf3 Bf5 12. Nbd2 cxd4 13. Nxd4 Nxd4 14. exd4 Bxd4
15. cxd4 Rac8 16. Nc4 dxc4 17. Qc3 Qd6 18. a4 Be6 19. Qa5 b6 20. Qc3 Bd5 21.
Rac1 a6 22. Bf3 e6 23. Bxd5 Qxd5 24. Qf3 Qxf3 25. gxf3 Rfd8 26. Rc3 Kf8 27. b3
cxb3 28. Rxb3 Rd6 29. Rdb1 Rcc6 30. Kf1 Rxd4 31. Rxb6 Rxb6 32. Rxb6 Rxa4 33. Rb7
a5 34. Ra7 Ra1+ 35. Kg2 a4 36. h3 a3 37. Kh2 Kg7 38. Kg2 Kf6 39. Kh2 e5 40. Ra6+
Ke7 41. Ra7+ Ke6 42. Ra6+ Kd5 43. Ra7 Kc4 44. Rxf7 Rd1 45. Ra7 Kb3 46. Rb7+ Kc2
47. Rc7+ Kb2 0-1

[Event "European Hybrid Swiss TB"]
[Site "Tornelo INT"]
[Date "2021.05.30"]
[Round "5.6"]
[White "Martirosyan, Haik M."]
[Black "Cheparinov, Ivan"]
[Result "1-0"]
[WhiteTitle "GM"]
[BlackTitle "GM"]
[WhiteElo "2637"]
[BlackElo "2667"]
[WhiteFideId "13306553"]
[BlackFideId "2905540"]
[EventDate "2021.05.30"]

1. d4 Nf6 2. c4 g6 3. Nf3 Bg7 4. g3 c6 5. Bg2 d5 6. Qb3 O-O 7. O-O Qb6 8. Nc3
Rd8 9. Rd1 Bf5 10. Ne1 Be6 11. c5 Qa6 12. Nd3 b6 13. Bf4 Nbd7 14. Qa4 Qxa4 15.
Nxa4 Ne4 16. Nb4 Rdc8 17. Na6 g5 18. Be3 h6 19. Rac1 Nb8 20. Nb4 b5 21. Nc3 Nxc3
22. bxc3 a5 23. Nd3 a4 24. a3 f6 25. f3 Na6 26. Bf2 Rd8 27. Re1 Ra7 28. h4 Rad7
29. hxg5 hxg5 30. e4 dxe4 31. fxe4 Bc4 32. Nb2 Bb3 33. Bh3 Rb7 34. Nd3 Bc4 35.
Nb2 Bb3 36. Kg2 e5 37. Bf5 exd4 38. cxd4 b4 39. Ra1 bxa3 40. Rxa3 Nb4 41. Nxa4
Nc2 42. Rxb3 Nxe1+ 43. Bxe1 Rxb3 44. Be6+ Kf8 45. Bxb3 Rxd4 46. Nc3 f5 47. exf5
Rd3 48. f6 Bxf6 49. Ne4 Rxb3 50. Nxf6 Kf7 51. Ne4 Kg6 52. Bf2 Kf5 53. Nd6+ Ke6
54. Nc4 Rc3 55. Nd2 Kf5 56. Nf3 Rc4 57. Nd4+ Ke4 58. Nxc6 Kd5 59. Ne7+ Ke6 60.
Nc8 g4 61. Nd6 Rc2 62. Nb5 Kd5 63. Nc7+ Ke5 64. Na6 Rc4 65. Nb8 Kd5 66. Nd7 Ke6
67. Nb6 Rc2 68. Kf1 Ke5 69. Ke1 Ke4 70. Nd7 Ra2 71. c6 Ra1+ 72. Ke2 Ra2+ 73. Kd1
Rxf2 74. c7 Rf1+ 75. Kc2 1-0

[Event "European Hybrid Swiss TB"]
[Site "Tornelo INT"]
[Date "2021.05.30"]
[Round "5.7"]
[White "Brkic, Ante"]
[Black "Lupulescu, Constantin"]
[Result "1-0"]
[WhiteTitle "GM"]
[BlackTitle "GM"]
[WhiteElo "2592"]
[BlackElo "2656"]
[WhiteFideId "14506688"]
[BlackFideId "1207822"]
[EventDate "2021.05.30"]

1. e4 c5 2. Nf3 Nc6 3. Bb5 g6 4. O-O Bg7 5. c3 Nf6 6. Re1 O-O 7. h3 Qb6 8. a4
Rd8 9. e5 Ne8 10. d4 cxd4 11. cxd4 d6 12. e6 fxe6 13. Be3 a6 14. d5 Qc7 15. a5
axb5 16. Bb6 Qb8 17. dxc6 Nc7 18. Qc2 bxc6 19. Qxc6 Ra7 20. Bxa7 Qxa7 21. Nc3 b4
22. Na4 Nd5 23. Nb6 Bb7 24. Qc4 Bxb2 25. Rab1 Qxa5 26. Rxb2 Qxb6 27. Rxe6 Rc8
28. Qh4 Qc7 29. Ng5 Nf6 30. Rbe2 Qc1+ 31. Re1 Qc4 32. Qh6 Qc6 33. f3 Re8 34.
Rxf6 1-0

[Event "European Hybrid Swiss TB"]
[Site "Tornelo INT"]
[Date "2021.05.30"]
[Round "5.8"]
[White "Yilmaz, Mustafa"]
[Black "Tomashevsky, Evgeny"]
[Result "1/2-1/2"]
[WhiteTitle "GM"]
[BlackTitle "GM"]
[WhiteElo "2630"]
[BlackElo "2706"]
[WhiteFideId "6302718"]
[BlackFideId "4147235"]
[EventDate "2021.05.30"]

1. d4 Nf6 2. c4 e6 3. Nf3 b6 4. g3 Bb7 5. Bg2 Bb4+ 6. Bd2 Bxd2+ 7. Qxd2 O-O 8.
Nc3 d5 9. cxd5 Nxd5 10. O-O Nd7 11. Rfe1 Nxc3 12. Qxc3 c5 13. Rad1 Qc8 14. Rc1
Be4 15. dxc5 Qxc5 16. Qxc5 Nxc5 17. b4 Na6 18. a3 Rac8 19. Nd4 Bxg2 20. Kxg2 Nb8
21. Nb5 a5 22. bxa5 bxa5 23. Nd6 Rc6 24. Rxc6 Nxc6 25. Rc1 Nd4 26. e3 Nf5 27.
Nb7 h5 28. Nxa5 Rb8 29. Rc2 Ra8 30. Rc5 g6 31. Nc4 Kg7 32. Rc7 Ra6 33. h3 Kf8
34. Kf3 Kg7 35. Ke2 g5 36. g4 hxg4 37. hxg4 Nh6 38. f3 Kg6 39. Rb7 f5 40. gxf5+
exf5 41. Rb6+ Rxb6 42. Nxb6 Nf7 43. a4 Nd8 44. a5 Nc6 45. a6 Na7 46. Kd3 Kf6 47.
Kd4 Ke6 48. Nc4 g4 49. f4 g3 50. Ne5 g2 51. Nf3 Kd6 52. Ng1 Nc6+ 53. Kc4 Na7 54.
Nf3 Kc6 55. Kd4 Kd6 56. Kd3 Kc5 57. Ke2 Kb6 58. Kf2 Nc8 59. Nd4 Nd6 60. Kxg2
Kxa6 61. Kg3 Kb6 62. Kh4 Kc5 63. Kg5 Kd5 64. Nxf5 Nc4 65. Kf6 Ke4 66. Ke6 Nxe3
67. Nxe3 Kxf4 1/2-1/2

[Event "European Hybrid Swiss TB"]
[Site "Tornelo INT"]
[Date "2021.05.30"]
[Round "5.9"]
[White "Sjugirov, Sanan"]
[Black "Alekseev, Evgeny"]
[Result "0-1"]
[WhiteTitle "GM"]
[BlackTitle "GM"]
[WhiteElo "2663"]
[BlackElo "2617"]
[WhiteFideId "4189302"]
[BlackFideId "4138147"]
[EventDate "2021.05.30"]

1. e4 e5 2. Nf3 Nc6 3. Bb5 Nf6 4. O-O Nxe4 5. Re1 Nd6 6. a4 Be7 7. Nc3 O-O 8. d4
e4 9. Nxe4 Nxe4 10. Rxe4 d5 11. Re1 Bg4 12. Bxc6 bxc6 13. h3 Bxf3 14. Qxf3 Bd6
15. Bf4 Rb8 16. Bxd6 Qxd6 17. b3 c5 18. dxc5 Qxc5 19. Re2 Rfe8 20. Rae1 Rxe2 21.
Rxe2 h6 22. Qf5 Rd8 23. g3 Qd6 24. h4 g6 25. Qd3 h5 26. Qb5 Kg7 27. Qa5 a6 28.
Qc3+ d4 29. Qc4 c5 30. Re1 Rb8 31. Qd3 Rc8 32. Re2 Rb8 33. Kf1 Rc8 34. Qc4 Rb8
35. Qd3 Rc8 36. Re4 Rb8 37. Ke1 Rc8 38. Kd2 Rb8 39. Re2 Rb4 40. Re4 Rb8 41. Qe2
Rb4 42. Rf4 Rb8 43. Qf3 Qd7 44. Qd3 Qd6 45. Qf3 Qd7 46. Re4 c4 47. bxc4 Qxa4 48.
Qf4 Qb4+ 49. Kd1 Qb1+ 50. Kd2 Qb4+ 51. Kd1 Qb1+ 52. Qc1 Qa2 53. Qd2 Rb1+ 54. Ke2
Qxc4+ 55. Kf3 Qc3+ 56. Qxc3 dxc3 57. Ke2 Rc1 58. Kd3 Kf6 59. Ra4 Rf1 60. Rxa6+
Kf5 61. Ke2 Rc1 62. Kd3 Rf1 63. Ke3 Rc1 64. Ra2 Kg4 65. Kd3 Rf1 66. Ke2 Rc1 67.
Ra4+ Kh3 68. Kd3 Kg2 69. Rf4 f5 70. Kxc3 Rf1 71. Kd2 Rxf2+ 72. Rxf2+ Kxf2 73. c4
Kxg3 74. c5 f4 75. c6 f3 76. c7 f2 77. c8=Q f1=Q 78. Qe6 Qf4+ 79. Ke1 Qf2+ 80.
Kd1 Qf5 81. Qe7 Kg4 0-1

[Event "European Hybrid Swiss TB"]
[Site "Tornelo INT"]
[Date "2021.05.30"]
[Round "5.10"]
[White "Oparin, Grigoriy"]
[Black "Svane, Rasmus"]
[Result "1/2-1/2"]
[WhiteTitle "GM"]
[BlackTitle "GM"]
[WhiteElo "2652"]
[BlackElo "2615"]
[WhiteFideId "24125890"]
[BlackFideId "4657101"]
[EventDate "2021.05.30"]

1. d4 Nf6 2. c4 e6 3. Nf3 d5 4. g3 Be7 5. Bg2 O-O 6. Qc2 c5 7. dxc5 Qa5+ 8. Nc3
dxc4 9. O-O Qxc5 10. Bg5 Nc6 11. Bxf6 Bxf6 12. Ne4 Qf5 13. Nxf6+ Qxf6 14. Nd2 e5
15. Ne4 Qg6 16. Qxc4 Be6 17. Qa4 Rad8 18. e3 Bd5 19. Rac1 Nd4 20. exd4 Bxe4 21.
dxe5 Bxg2 22. Kxg2 Qb6 23. Rc2 Rd4 24. Qa3 h5 25. Qc5 Qxc5 26. Rxc5 Rd2 27. Rb5
b6 28. Rc1 Rfd8 29. Rc7 Re2 30. Rb3 Rxe5 31. Rf3 f6 32. Rxa7 Rd2 33. b3 b5 34.
a3 Rb2 35. Ra5 Kh7 36. h4 Kg6 37. Ra7 Kh6 38. b4 Kg6 39. Rf4 Kh6 40. Rf3 Kg6 41.
Rc7 Rd5 42. Rcc3 Ra2 43. Rcd3 Re5 44. Rd4 Rb2 45. Rd7 Kh6 46. Rf4 Ra2 47. Ra7
Rb2 48. Ra8 Kg6 49. g4 Kh7 50. Ra7 Kh6 51. gxh5 Rxh5 52. Kg3 Rb3+ 53. f3 Re5 54.
Ra5 Kh7 55. Ra7 Kh6 56. Ra8 Kh7 57. Ra5 Kh6 58. Kg4 Kh7 59. Ra8 Ree3 60. Rf5
Rxa3 61. Rxa3 Rxa3 62. Rxb5 Rb3 63. h5 g6 64. hxg6+ Kxg6 65. f4 Rb1 66. f5+ Kh6
67. Kf4 Rf1+ 68. Ke3 Kg5 69. Rc5 Rxf5 70. Ke4 Rxc5 71. bxc5 f5+ 72. Ke5 f4 73.
Ke4 f3 74. Kxf3 Kf5 75. c6 Ke6 76. c7 Kd7 77. c8=Q+ Kxc8 1/2-1/2

[Event "European Hybrid Swiss TB"]
[Site "Tornelo INT"]
[Date "2021.05.30"]
[Round "5.11"]
[White "Motylev, Alexander"]
[Black "Jobava, Baadur"]
[Result "1/2-1/2"]
[WhiteTitle "GM"]
[BlackTitle "GM"]
[WhiteElo "2641"]
[BlackElo "2603"]
[WhiteFideId "4121830"]
[BlackFideId "13601520"]
[EventDate "2021.05.30"]

1. e4 e5 2. Nf3 Nf6 3. Nxe5 d6 4. Nf3 Nxe4 5. Qe2 Qe7 6. d3 Nf6 7. Nc3 Qxe2+ 8.
Bxe2 c6 9. Bf4 d5 10. O-O-O Bc5 11. d4 Bb4 12. Bd3 O-O 13. Rde1 Bg4 14. Ne5 Bh5
15. f3 1/2-1/2

[Event "European Hybrid Swiss TB"]
[Site "Tornelo INT"]
[Date "2021.05.30"]
[Round "5.12"]
[White "Deac, Bogdan-Daniel"]
[Black "Zvjaginsev, Vadim"]
[Result "1/2-1/2"]
[WhiteTitle "GM"]
[BlackTitle "GM"]
[WhiteElo "2627"]
[BlackElo "2614"]
[WhiteFideId "1226380"]
[BlackFideId "4113403"]
[EventDate "2021.05.30"]

1. e4 e5 2. Nf3 Nc6 3. Bc4 Bc5 4. c3 Nf6 5. d3 d6 6. O-O Bb6 7. a4 h6 8. Nbd2
O-O 9. Re1 a6 10. h3 Ne7 11. d4 Ng6 12. Bf1 exd4 13. cxd4 Ba5 14. Re3 Bb4 15. a5
c5 16. Nb3 Re8 17. dxc5 dxc5 18. Qxd8 Rxd8 19. Bd2 Bd7 20. Bxb4 cxb4 21. Nc5 Bc6
22. Rae1 Re8 23. Nd4 Rac8 24. f3 Red8 25. Nf5 Kf8 26. Rb3 Bd5 27. Rxb4 Rxc5 28.
exd5 Rcxd5 29. Ne3 R5d7 30. Nf5 Rd5 31. Ne3 R5d7 32. Rc1 Ne5 33. Rb6 Re7 34. Rc3
Nc6 35. Bxa6 Nxa5 36. Bf1 Nc6 37. Nf5 Red7 38. Bb5 Nd5 39. Bxc6 bxc6 40. Rcxc6
Nxb6 41. Rxb6 h5 42. h4 g6 43. Ng3 Kg7 44. Ne4 Rc7 45. b4 Rdd7 46. Nc5 Rd2 47.
Ne4 Rb2 48. Ng5 Ra7 49. Kh2 f6 50. Ne6+ Kf7 51. Nf4 Rd7 52. Kg3 Rb3 53. b5 Rb2
54. Rb8 Rb4 55. Rh8 Kg7 56. Rb8 Kf7 57. Rh8 Rxb5 58. Rh7+ Ke8 59. Rh8+ Kf7 60.
Rh7+ Ke8 61. Rh8+ Kf7 1/2-1/2